000 00880nam a22002777a 4500
001 BR7904472
003 BR-BrBNA
005 20230928090040.0
007 ta
008 230509b bl.||||| |||| 00| 0 por d
040 _aBR-BrBNA
_bpor
_cBiblioteca Nacional de Agricultura
041 _a(Por)
072 _aE50
_b/G514
090 _ E50 BR7904472
110 1 _aConfederacao Nacional dos Trabalhadores na Agricultura, Brasilia, DF (Brasil)
_92541
111 1 _a3. Congresso Nacional dos Trabalhadores Rurais
_cBrasilia, DF (Brazil)
_d21 May 1979
245 1 _aAnais 3. Congresso Nacional dos Trabalhadores Rurais [Brasil]
260 3 _aBrasilia, DF (Brasil):
_c1979.
300 _a244 p.
650 _aSociologia rural
650 _aTrabalhador rural
650 _aLegislacao trabalhista
650 _aSindicato
909 _a202309
_bLucia
_c55
_dLucia Elande
942 _cBK
999 _c27589
_d27589